Ecotoxicology (Record no. 13041)

MARC details
000 -LEADER
fixed length control field 00458nam a22001817a 4500
003 - CONTROL NUMBER IDENTIFIER
control field OSt
005 - DATE AND TIME OF LATEST TRANSACTION
control field 20211015145707.0
008 - FIXED-LENGTH DATA ELEMENTS--GENERAL INFORMATION
fixed length control field 211015b |||||||| |||| 00| 0 eng d
020 ## - INTERNATIONAL STANDARD BOOK NUMBER
International Standard Book Number 8131202658
040 ## - CATALOGING SOURCE
Transcribing agency HU
082 ## - DEWEY DECIMAL CLASSIFICATION NUMBER
Classification number 574.5
100 ## - MAIN ENTRY--PERSONAL NAME
Personal name Moriarty F.
9 (RLIN) 13964
245 ## - TITLE STATEMENT
Title Ecotoxicology
Remainder of title the study of pollutants in ecosystem
Statement of responsibility, etc. F. Moriarty
250 ## - EDITION STATEMENT
Remainder of edition statement 3rd
260 ## - PUBLICATION, DISTRIBUTION, ETC.
Place of publication, distribution, etc. Delhi
Name of publisher, distributor, etc. ELSEVIER
Date of publication, distribution, etc. 2006
300 ## - PHYSICAL DESCRIPTION
Extent 347p
Other physical details pc
Dimensions 24
942 ## - ADDED ENTRY ELEMENTS (KOHA)
Source of classification or shelving scheme Dewey Decimal Classification
Koha item type Books like text book referance book
Suppress in OPAC No
Holdings
Withdrawn status Lost status Source of classification or shelving scheme Damaged status Not for loan Collection code Home library Current library Shelving location Date acquired Total Checkouts Full call number Barcode Date last seen Copy number Price effective from Koha item type
    Dewey Decimal Classification     Non-fiction Wondo Genet Library Wondo Genet Library General Stacks 10/15/2021   574.5 MOR 2006 WGCFNRL00005482 10/15/2021 1 10/15/2021 Books like text book referance book
    Dewey Decimal Classification     Non-fiction Wondo Genet Library Wondo Genet Library General Stacks 10/15/2021   574.5 MOR 2006 WGCFNRL00005483 10/15/2021 2 10/15/2021 Books like text book referance book
    Dewey Decimal Classification     Non-fiction Wondo Genet Library Wondo Genet Library General Stacks 10/15/2021   574.5 MOR 2006 WGCFNRL00005484 10/15/2021 3 10/15/2021 Books like text book referance book
    Dewey Decimal Classification     Non-fiction Wondo Genet Library Wondo Genet Library General Stacks 10/15/2021   574.5 MOR 2006 WGCFNRL00005485 10/15/2021 4 10/15/2021 Books like text book referance book
    Dewey Decimal Classification     Reference Wondo Genet Library Wondo Genet Library General Stacks 01/21/2022   574.5 MOR 2006 WGCFNRL00010540 01/21/2022 5 01/21/2022 Books like text book referance book